书目信息 |
| 题名: |
唐新罗日本政治制度比较研究
|
|
| 作者: | 李宗勋 | |
| 分册: | ||
| 出版信息: | 延吉 延边大学出版社 |
|
| 页数: | 625 | |
| 开本: | 20cm | |
| 丛书名: | ||
| 单 册: | ||
| 中图分类: | D52 | |
| 科图分类: | ||
| 主题词: | 国际政治 | |
| 电子资源: | ||
| ISBN: | 7-5634-1139-9 | |
| 000 | 00516nam0 2200181 450 | |
| 001 | 0757995392 | |
| 005 | 20071007160635.39 | |
| 010 | @a7-5634-1139-9 | |
| 100 | @a20071007d km y0chiy0120 ea | |
| 101 | 0 | @achi |
| 200 | 1 | @a唐新罗日本政治制度比较研究@Atang xin luo ri ben zheng zhi zhi du bi jiao yan jiu@f李宗勋@Fli zong xun |
| 210 | @a延吉@c延边大学出版社 | |
| 215 | @a625@d20cm | |
| 606 | 0 | @a国际政治 |
| 690 | @aD52@v3 | |
| 701 | 0 | @a李宗勋@Ali zong xun |
| 801 | 0 | @aCN@bPFT@c20071007 |
| 905 | @a213230@dD52@ea1@f1 | |
| 唐新罗日本政治制度比较研究/李宗勋.-延吉:延边大学出版社 |
| 625;20cm |
| ISBN 7-5634-1139-9: |
| ● |
| 相关链接 |
|
|
|
|
正题名:唐新罗日本政治制度比较研究
索取号:D52/a1
 
预约/预借
| 序号 | 登录号 | 条形码 | 馆藏地/架位号 | 状态 | 备注 |
| 1 | 7507337 | 275073377 | 密集书库-史法系/ [索取号:D52/a1] | 在馆 |